000 00804nam a22002177a 4500
005 2011092801421.0
010 _aG-001447
020 _c595.00
_a9788183390842
035 1 d _aG-001447
037 _bGift
082 _a954.11
100 _aShowkat Ahmad Ganai
_934983
245 _aKashmir:
_cby Showkat Ahmad Ganai
_baccession and its manipulation /
260 _aSrinagar
_bGulshan Books
_c2009
270 _aResidency Road
_bSrinagar
_e190001
300 _a125p.
_c24cm(Hb)
500 _aIncludes bibliographical references
942 _2ddc
_cEN
_h954.11
_mSHO
999 _c57109
_d57109